000 00759nam a2200229 a 4500
001 000002929
005 20200929150304.0
008 090706s2008 pr a 000 0 spa d
020 _z978994545590
040 _aDO-SdBNP
082 _aPR863.44
_bM738d
100 1 _aMonclova Vázquez, Héctor Iván,
_d1964-
_99307
245 1 3 _aEl dragón de la playa /
_cHéctor Iván Monclova Vázquez.
260 _aPuerto Rico :
_aSanto Domingo :
_bIsla Negra,
_c2008.
300 _a130 p. :
_bil. ;
_c22 cm.
490 0 _aEl rostro y la mascara
500 _aIncluye datos biográficos del autor en la contraportada
650 4 _aCuentos puertorriqueños
_9249
650 4 _aLiteratura puertorriqueña
_9250
830 0 _aEl rostro y la mascara
_9251
049 _aBNGR
999 _c2762
_d2762